Visualizzazione normale
Vista MARC
- Gautier Dalché, Jean,
di Personal Name
Records bibliografici associati: 2
001 - CONTROL NUMBER
- control field: 10992
003 - CONTROL NUMBER IDENTIFIER
- control field: IT-RoINE
005 - DATE AND TIME OF LATEST TRANSACTION
- control field: 20140910141805.0
008 - FIXED-LENGTH DATA ELEMENTS
- fixed length control field: 140731|| aca||aabn | a|a d
040 ## - CATALOGING SOURCE
- Original cataloging agency: IT-RoINE
- Transcribing agency: IT-RoINE
100 ## - HEADING--PERSONAL NAME
- Personal name: Gautier Dalché, Jean,
- Dates associated with a name: 1913-2010
670 ## - SOURCE DATA FOUND
- Source citation: Work cat.: (IT-RoINE)0: Gautier Dalché, Jean, 913-2010, Economie et société dans les pays de la Couronne de Castille /, 1982.